Stati Usa in ordine alfabetico - Statistics

Statistiche generali
  • Questo quiz è stato fatto 111 volte
  • Il punteggio medio è 23 su 50
Statistiche sulle risposte
STATO % Corretto
Alabama
98%
Alaska
84%
Arizona
80%
Arkansas
77%
California
75%
Colorado
64%
Delaware
62%
Carolina del Nord
57%
Carolina del Sud
57%
Connecticut
56%
Florida
56%
Dakota del Nord
54%
Dakota del Sud
54%
Georgia
54%
Idaho
52%
Hawaii
51%
Illinois
49%
Louisiana
49%
Iowa
48%
Montana
48%
Indiana
46%
Maine
44%
Kentucky
43%
Minnesota
43%
Mississippi
43%
Maryland
41%
Massachusetts
39%
Missouri
39%
Kansas
38%
New Hampshire
38%
New Jersey
38%
New York
38%
New Mexico
36%
Utah
34%
Virginia
34%
Michigan
33%
Nevada
33%
Wyoming
33%
Ohio
31%
Tennessee
31%
Vermont
31%
Washington
31%
Wisconsin
31%
Nebraska
30%
Oregon
30%
Rhode Island
30%
Texas
30%
Oklahoma
28%
West Virginia
28%
Pennsylvania
26%
Nessun quiz corrispondente trovato
Distribuzione punteggi
Percentuale di utenti per punteggio
Percentile per numero di risposta
I tuoi punteggi nel tempo
Non hai fatto questo quiz